[Event "POL-chT 1st League"]
[Site "Poronin"]
[Date "2016.09.10"]
[Round "8.5"]
[White "Toma, Katarzyna"]
[Black "Magnucka, Milena"]
[Result "0-1"]
[WhiteElo "2324"]
[BlackElo "1994"]
[PlyCount "126"]
[EventDate "2016.09.03"]
[EventType "team-tourn"]
[EventRounds "9"]
[EventCountry "POL"]
[SourceTitle "CBM 174 Extra"]
[Source "ChessBase"]
[SourceDate "2016.10.10"]
[SourceVersion "1"]
[SourceVersionDate "2016.10.10"]
[SourceQuality "1"]
[WhiteTeam "Lublin Drakon"]
[BlackTeam "Ostrow Wielkopolski"]
[WhiteTeamCountry "POL"]
[BlackTeamCountry "POL"]

1. e4 d6 2. d4 Nf6 3. Bd3 g6 4. Nf3 Bg7 5. c3 0-0 6. 0-0 Nbd7 7. Re1 e5 8. a4 a5 9. Na3 c6 10. h3 Re8 11. Nc4 Qc7 12. dxe5 dxe5 13. Bc2 Bf8 14. Be3 b5 15. Ncd2 Nc5 16. Bg5 Bg7 17. axb5 cxb5 18. Qe2 Bd7 19. Nf1 Bc6 20. N3d2 Qb7 21. Qf3 Nh5 22. Qe3 Ne6 23. Bh6 a4 24. g3 Nf6 25. Bxg7 Kxg7 26. Nf3 Nd7 27. N1h2 h5 28. Nh4 Qb6 29. Qc1 f6 30. N2f3 Ndc5 31. Ng2 Rad8 32. Qe3 Nd7 33. Qe2 Qc5 34. Ne3 Nb6 35. Nh4 Rh8 36. Bd3 Kf7 37. Red1 Rd7 38. Qf3 Ng5 39. Qe2 Nxh3+ 40. Kh2 Ng5 41. Nd5 Rdd8 42. b4 axb3 43. Ra6 Nc4 44. Rda1 Rd7 45. Bxc4 bxc4 46. R1a5 Bb5 47. Rxf6+ Ke8 48. Rxg6 Nf7 49. Nf6+ Kd8 50. Nxd7 Kxd7 51. Qd2+ Kc7 52. Rf6 Nd8 53. Nf5 Nc6 54. Ra1 Rd8 55. Qe2 Rd3 56. Ne3 Ne7 57. Rf7 Kc6 58. Nf5 Nxf5 59. exf5 Qd5 60. Raa7 Kb6 61. Rae7 Bc6 62. Qf1 Rd1 63. Rxe5 Qh1+ 0-1

[Event "POL-chT 1st League"]
[Site "Poronin"]
[Date "2016.09.03"]
[Round "1.4"]
[White "Mareckova, Martina"]
[Black "Magnucka, Milena"]
[Result "1-0"]
[WhiteElo "2173"]
[BlackElo "1994"]
[PlyCount "79"]
[EventDate "2016.09.03"]
[EventType "team-tourn"]
[EventRounds "9"]
[EventCountry "POL"]
[SourceTitle "CBM 174 Extra"]
[Source "ChessBase"]
[SourceDate "2016.10.10"]
[SourceVersion "1"]
[SourceVersionDate "2016.10.10"]
[SourceQuality "1"]
[WhiteTeam "Pawlowice Gminy"]
[BlackTeam "Ostrow Wielkopolski"]
[WhiteTeamCountry "POL"]
[BlackTeamCountry "POL"]

1. e4 c5 2. Nc3 Nc6 3. Bb5 Nd4 4. Bc4 g6 5. Nf3 Bg7 6. Nxd4 cxd4 7. Qf3 Nh6 8. Ne2 0-0 9. d3 Ng4 10. Bb3 d6 11. Qg3 Qb6 12. 0-0 a5 13. a4 Nf6 14. f4 Qc5 15. Kh1 Bd7 16. f5 gxf5 17. exf5 Bxf5 18. Nxd4 Qxd4 19. Rxf5 Qg4 20. Qxg4 Nxg4 21. Rb5 b6 22. h3 Nf6 23. Rxb6 Nh5 24. Rb5 Ng3+ 25. Kh2 Ne2 26. g4 Nxc1 27. Rxc1 Bxb2 28. Bxf7+ Rxf7 29. Rxb2 Rf2+ 30. Kg3 Raf8 31. Rb8 R2f3+ 32. Kg2 Rf2+ 33. Kg1 Rxb8 34. Kxf2 Rb4 35. Re1 Kf7 36. Re4 Rb2 37. Rc4 Ra2 38. Ke3 d5 39. Rf4+ Kg6 40. Kd2 1-0

[Event "POL-chT 2nd League"]
[Site "Jastrzebia Gora"]
[Date "2015.09.06"]
[Round "2.36"]
[White "Magnucka, Milena"]
[Black "Guzik, Jolanta"]
[Result "1/2-1/2"]
[WhiteElo "1950"]
[BlackElo "1980"]
[PlyCount "88"]
[EventDate "2015.09.05"]
[EventType "team-swiss"]
[EventRounds "9"]
[EventCountry "POL"]
[SourceTitle "EXT 2017"]
[Source "ChessBase"]
[SourceDate "2016.10.25"]
[SourceVersion "1"]
[SourceVersionDate "2016.10.25"]
[SourceQuality "1"]
[WhiteTeam "Ostrow Wielkopolski"]
[BlackTeam "Jaworzno JKSz MCKiS"]
[WhiteTeamCountry "POL"]
[BlackTeamCountry "POL"]

1. e4 d5 2. exd5 Qxd5 3. Nc3 Qa5 4. d4 Nf6 5. Nf3 Bf5 6. Bc4 e6 7. Bd2 c6 8. 0-0 Qc7 9. Bb3 Bd6 10. Qe2 0-0 11. h3 h6 12. Rfe1 Nbd7 13. Ne5 Rfe8 14. Rad1 Rad8 15. a4 a6 16. Nc4 Bh2+ 17. Kh1 Bf4 18. Bxf4 Qxf4 19. Ne5 Qh4 20. Kg1 Nxe5 21. Qxe5 Bg6 22. Ne2 Nd5 23. Qg3 Qxg3 24. Nxg3 Re7 25. Ne4 Bxe4 26. Rxe4 Red7 27. c3 a5 28. Re5 Kf8 29. g3 b6 30. Kf1 Ne7 31. Rde1 Rc7 32. Bc2 Rd5 33. Be4 Rd8 34. Bc2 Nd5 35. Bb3 Nf6 36. Rc1 Rd6 37. Rce1 g6 38. Rc1 Nd7 39. Re2 c5 40. dxc5 Nxc5 41. Rd1 Rcd7 42. Rxd6 Rxd6 43. Bc2 Ke7 44. Ke1 Rd5 1/2-1/2

[Event "POL-chT 2nd League"]
[Site "Jastrzebia Gora"]
[Date "2015.09.05"]
[Round "1.36"]
[White "Cichocka, Urszula"]
[Black "Magnucka, Milena"]
[Result "0-1"]
[WhiteElo "1697"]
[BlackElo "1950"]
[PlyCount "92"]
[EventDate "2015.09.05"]
[EventType "team-swiss"]
[EventRounds "9"]
[EventCountry "POL"]
[SourceTitle "EXT 2017"]
[Source "ChessBase"]
[SourceDate "2016.10.25"]
[SourceVersion "1"]
[SourceVersionDate "2016.10.25"]
[SourceQuality "1"]
[WhiteTeam "Kolbudy UKS Zawisza"]
[BlackTeam "Ostrow Wielkopolski"]
[WhiteTeamCountry "POL"]
[BlackTeamCountry "POL"]

1. e4 c5 2. Nf3 d6 3. d4 cxd4 4. Nxd4 Nf6 5. Bd3 e5 6. Nb3 Be6 7. c4 Be7 8. Nc3 0-0 9. 0-0 Nbd7 10. f3 Rc8 11. Nd5 Bxd5 12. exd5 Nh5 13. Re1 Bg5 14. Bf5 Rc7 15. Bg4 Bxc1 16. Rxc1 Nf4 17. Bxd7 Qxd7 18. g3 Ng6 19. Qd3 b6 20. Nd2 f5 21. b4 Rfc8 22. Kg2 Qf7 23. Nb3 Rd7 24. Red1 Rcd8 25. a4 h5 26. a5 f4 27. axb6 axb6 28. Qe4 fxg3 29. hxg3 h4 30. g4 Nf4+ 31. Kh2 Ra8 32. Rc2 Ra3 33. Qe3 Rda7 34. Rdd2 R7a4 35. c5 bxc5 36. bxc5 Nxd5 37. Qd3 Nb4 38. Qxd6 Nxc2 39. Qd8+ Qf8 40. Qxh4 Qf4+ 41. Kg1 Ra1+ 42. Kg2 Ne3+ 43. Kf2 Rf1+ 44. Ke2 Qxf3+ 45. Kd3 Nd5+ 46. Kc2 Ra2# 0-1

[Event "POL-chT1"]
[Site "Poronin"]
[Date "2014.09.06"]
[Round "8.5"]
[White "Magnucka, Milena"]
[Black "Harazinska, Ewa"]
[Result "1-0"]
[WhiteElo "1918"]
[BlackElo "2140"]
[PlyCount "53"]
[EventDate "2014.08.31"]
[EventType "team-tourn"]
[EventRounds "9"]
[EventCountry "POL"]
[SourceTitle "CBM 162 Extra"]
[Source "ChessBase"]
[SourceDate "2014.10.17"]
[SourceVersion "1"]
[SourceVersionDate "2014.10.17"]
[SourceQuality "1"]
[WhiteTeam "Ostrow Welkopolski"]
[BlackTeam "Legnica Miedz"]
[WhiteTeamCountry "POL"]
[BlackTeamCountry "POL"]

1. e4 c5 2. Nf3 d6 3. d4 cxd4 4. Nxd4 Nf6 5. Nc3 a6 6. Be3 Ng4 7. Bg5 h6 8. Bh4 g5 9. Bg3 Bg7 10. Be2 h5 11. Bxg4 hxg4 12. Qd2 Nc6 13. Nb3 Ne5 14. Bxe5 Bxe5 15. Qxg5 b5 16. 0-0-0 a5 17. Nd4 Bd7 18. Nd5 b4 19. f4 gxf3 20. Nxf3 f6 21. Qg7 Rf8 22. Nxe5 dxe5 23. h4 Ra7 24. Rhf1 Rf7 25. Qg8+ Rf8 26. Qg6+ Rf7 27. h5 1-0

[Event "POL-chT1"]
[Site "Poronin"]
[Date "2014.09.04"]
[Round "6.4"]
[White "Magnucka, Milena"]
[Black "Pacuszka, Wioletta"]
[Result "1/2-1/2"]
[WhiteElo "1918"]
[BlackElo "1988"]
[PlyCount "112"]
[EventDate "2014.08.31"]
[EventType "team-tourn"]
[EventRounds "9"]
[EventCountry "POL"]
[SourceTitle "CBM 162 Extra"]
[Source "ChessBase"]
[SourceDate "2014.10.17"]
[SourceVersion "1"]
[SourceVersionDate "2014.10.17"]
[SourceQuality "1"]
[WhiteTeam "Ostrow Welkopolski"]
[BlackTeam "Grudziadz Rotmistrz II"]
[WhiteTeamCountry "POL"]
[BlackTeamCountry "POL"]

1. e4 c5 2. Nf3 e6 3. d4 cxd4 4. Nxd4 a6 5. Bd3 Qc7 6. Be3 b5 7. Nd2 Bb7 8. f4 Nf6 9. Qe2 d6 10. 0-0 Be7 11. Rae1 Nbd7 12. Kh1 0-0 13. Bg1 Nc5 14. Qe3 Rac8 15. Qh3 Nxd3 16. cxd3 Rfe8 17. N2f3 Bf8 18. g4 Nd7 19. Ng5 h6 20. Ngf3 e5 21. Nf5 exf4 22. g5 Ne5 23. gxh6 g6 24. h7+ Kh8 25. Nxe5 dxe5 26. Nh6 Qe7 27. Bf2 Qf6 28. Rg1 Bxh6 29. Qxh6 Qg7 30. Qg5 Qxh7 31. Qf6+ Qg7 32. Qb6 f6 33. Rc1 Qe7 34. Rxc8 Rxc8 35. Rxg6 Rc6 36. Qa5 Rc1+ 37. Kg2 Qf7 38. Qd8+ Kh7 39. Rxf6 Qg7+ 40. Kf3 Rc8 41. Qb6 Rg8 42. Ke2 Bc8 43. Rc6 Bg4+ 44. Ke1 Rc8 45. Qxa6 Rxc6 46. Qxc6 Bh5 47. Qxb5 Qg4 48. Qb7+ Kg6 49. Qb6+ Kh7 50. Kd2 Qd1+ 51. Kc3 Bf7 52. Bh4 Qc1+ 53. Kb4 Qxb2+ 54. Kc5 Qa3+ 55. Kc6 Qxa2 56. Kb7 Qxh2 1/2-1/2

[Event "POL-chT1"]
[Site "Poronin"]
[Date "2014.09.03"]
[Round "5.3"]
[White "Warakomska, Anna"]
[Black "Magnucka, Milena"]
[Result "1-0"]
[WhiteElo "2173"]
[BlackElo "1918"]
[PlyCount "71"]
[EventDate "2014.08.31"]
[EventType "team-tourn"]
[EventRounds "9"]
[EventCountry "POL"]
[SourceTitle "CBM 162 Extra"]
[Source "ChessBase"]
[SourceDate "2014.10.17"]
[SourceVersion "1"]
[SourceVersionDate "2014.10.17"]
[SourceQuality "1"]
[WhiteTeam "Czestochowa Hetman"]
[BlackTeam "Ostrow Welkopolski"]
[WhiteTeamCountry "POL"]
[BlackTeamCountry "POL"]

1. e4 c5 2. Nf3 d6 3. d4 cxd4 4. Nxd4 Nf6 5. Nc3 a6 6. h3 e5 7. Nde2 Nbd7 8. g4 Nc5 9. Bg2 h6 10. 0-0 Be7 11. a4 0-0 12. Be3 Be6 13. a5 Qc7 14. Qd2 Rac8 15. Ng3 Kh7 16. Nd5 Bxd5 17. exd5 Rfe8 18. c4 Ncd7 19. Rfc1 Qb8 20. b4 Bf8 21. Rc2 Red8 22. Ne4 Nxe4 23. Bxe4+ g6 24. Rac1 Nf6 25. Bg2 Rd7 26. Qe2 Bg7 27. h4 Ng8 28. c5 dxc5 29. bxc5 Ne7 30. c6 bxc6 31. dxc6 Rd6 32. c7 Qb3 33. Bc5 Re6 34. Bxe7 Rxe7 35. Qxa6 Ree8 36. Bb7 1-0

[Event "POL-chT1"]
[Site "Szklarska Poreba"]
[Date "2013.09.15"]
[Round "9"]
[White "Magnucka, Milena"]
[Black "Leks, Maria"]
[Result "1/2-1/2"]
[WhiteElo "1961"]
[BlackElo "2099"]
[PlyCount "104"]
[EventDate "2013.09.07"]
[EventType "team-tourn"]
[EventRounds "9"]
[EventCountry "POL"]
[SourceTitle "EXT 2015"]
[Source "ChessBase"]
[SourceDate "2014.11.20"]
[SourceVersion "1"]
[SourceVersionDate "2014.11.20"]
[SourceQuality "1"]
[WhiteTeam "Ostrow Wielkopolski"]
[BlackTeam "Warsaw Polonia"]
[WhiteTeamCountry "POL"]
[BlackTeamCountry "POL"]

1. e4 d6 2. d4 Nf6 3. Nc3 e5 4. Nf3 Nbd7 5. Bc4 Be7 6. 0-0 0-0 7. h3 c6 8. a4 a5 9. Be3 Nb6 10. Bb3 Nfd7 11. Qd2 exd4 12. Qxd4 Nc5 13. Rad1 Be6 14. Bxe6 fxe6 15. e5 d5 16. Qg4 Qe8 17. b3 Nbd7 18. Ne2 h5 19. Qd4 Ne4 20. Nf4 Qf7 21. Nd3 Qg6 22. Kh1 Rf5 23. Bd2 Qf7 24. Qe3 c5 25. c4 g5 26. Kg1 g4 27. hxg4 hxg4 28. Nh2 Bg5 29. Qe2 Nxd2 30. Rxd2 Bxd2 31. Qxd2 Qg7 32. cxd5 exd5 33. Nxc5 Rxe5 34. Nxb7 Qg5 35. Qc3 Rf8 36. Nxa5 Qh4 37. Nc6 Rh5 38. Qg3 Qxg3 39. fxg3 Rxf1+ 40. Nxf1 Nc5 41. Ne3 Kf7 42. a5 Ke6 43. b4 Kd6 44. Nd4 Nd3 45. b5 Kc5 46. Nef5 Rh7 47. a6 Rh8 48. Kf1 Re8 49. Ne2 Kb6 50. Nfd4 Rf8+ 51. Kg1 Rc8 52. Nc6 Re8 1/2-1/2

[Event "POL-chT1"]
[Site "Szklarska Poreba"]
[Date "2013.09.13"]
[Round "7"]
[White "Magnucka, Milena"]
[Black "Toma, Katarzyna"]
[Result "0-1"]
[WhiteElo "1961"]
[BlackElo "2301"]
[PlyCount "130"]
[EventDate "2013.09.07"]
[EventType "team-tourn"]
[EventRounds "9"]
[EventCountry "POL"]
[SourceTitle "EXT 2015"]
[Source "ChessBase"]
[SourceDate "2014.11.20"]
[SourceVersion "1"]
[SourceVersionDate "2014.11.20"]
[SourceQuality "1"]
[WhiteTeam "Ostrow Wielkopolski"]
[BlackTeam "Lublin Drakon"]
[WhiteTeamCountry "POL"]
[BlackTeamCountry "POL"]

1. e4 d6 2. d4 Nf6 3. Nc3 Nbd7 4. Be3 e5 5. f3 Be7 6. dxe5 dxe5 7. Bc4 c6 8. a4 0-0 9. Nge2 Qa5 10. 0-0 Bc5 11. Qc1 Qb6 12. Nd1 a5 13. c3 Rd8 14. Kh1 Nf8 15. Bxc5 Qxc5 16. Ne3 Be6 17. Bxe6 Nxe6 18. Nf5 Qc4 19. Nfg3 Rd7 20. Rd1 Rad8 21. Rxd7 Nxd7 22. Qc2 Ndc5 23. h4 Qb3 24. Rc1 Qxc2 25. Rxc2 Nxa4 26. Nf5 g6 27. Ne3 Nb6 28. Kg1 f6 29. Kf1 Kf7 30. Ke1 Nc5 31. Nc1 Ke6 32. Rd2 Rd6 33. Rxd6+ Kxd6 34. Kd2 a4 35. Kc2 Ne6 36. g3 Nd7 37. Nd3 b5 38. Nb4 Nc7 39. Nd3 Nc5 40. Nc1 Ke6 41. g4 Ne8 42. Ne2 Ng7 43. Ng3 Nb7 44. Kd3 Nd6 45. Ngf1 f5 46. gxf5+ gxf5 47. Nd2 Nh5 48. c4 Nf4+ 49. Kc2 fxe4 50. fxe4 b4 51. Ng4 h5 52. Ne3 Ng6 53. Nef1 Kf6 54. Ng3 Nf4 55. b3 a3 56. Kb1 Nb7 57. Ka2 Nc5 58. Nf3 Ncd3 59. Kb1 Ke6 60. Nf5 Nc5 61. Nd2 Nxe4 62. Ng7+ Kf7 63. Nxe4 Kxg7 64. Nc5 Kf6 65. Na6 Nd3 0-1

[Event "POL-chT1"]
[Site "Szklarska Poreba"]
[Date "2013.09.12"]
[Round "6"]
[White "Bartel, Marta"]
[Black "Magnucka, Milena"]
[Result "1-0"]
[WhiteElo "2302"]
[BlackElo "1961"]
[PlyCount "105"]
[EventDate "2013.09.07"]
[EventType "team-tourn"]
[EventRounds "9"]
[EventCountry "POL"]
[SourceTitle "EXT 2015"]
[Source "ChessBase"]
[SourceDate "2014.11.20"]
[SourceVersion "1"]
[SourceVersionDate "2014.11.20"]
[SourceQuality "1"]
[WhiteTeam "Miedzyborow Wrzos"]
[BlackTeam "Ostrow Wielkopolski"]
[WhiteTeamCountry "POL"]
[BlackTeamCountry "POL"]

1. Nf3 Nf6 2. g3 g6 3. Bg2 Bg7 4. d4 d6 5. 0-0 0-0 6. a4 c5 7. a5 a6 8. d5 e6 9. c4 exd5 10. cxd5 b5 11. axb6 Nbd7 12. Nc3 Nxb6 13. e4 Rb8 14. Re1 Re8 15. Bf1 Bb7 16. Bf4 Ra8 17. Ra3 h6 18. Nd2 g5 19. Be3 Nfd7 20. f4 gxf4 21. gxf4 Kh8 22. Qh5 Qe7 23. Rb3 Rg8 24. Bg2 Rae8 25. Bf2 Qf6 26. Ne2 Bc8 27. Qf3 a5 28. Ng3 a4 29. Rb5 Ba6 30. Ra5 Qxb2 31. Rxa6 Qxd2 32. Nf5 Bf8 33. Rd1 Qb2 34. Kh1 Nc4 35. Rxa4 Ndb6 36. Ra7 Qf6 37. Be1 Qg6 38. Bc3+ Bg7 39. Nh4 Qh7 40. Rxf7 Na4 41. Ba1 Nab2 42. Qh5 Rgf8 43. Ng6+ Kg8 44. Nxf8 Rxf8 45. Rxf8+ Kxf8 46. Bxb2 Bxb2 47. Rb1 Qg7 48. Qf5+ Kg8 49. Bh3 Qe7 50. Rg1+ Bg7 51. Qc8+ Kf7 52. Qe6+ Qxe6 53. dxe6+ 1-0

[Event "POL-chT1"]
[Site "Szklarska Poreba"]
[Date "2013.09.11"]
[Round "5"]
[White "Magnucka, Milena"]
[Black "Warakomska, Anna"]
[Result "1/2-1/2"]
[WhiteElo "1961"]
[BlackElo "2122"]
[PlyCount "97"]
[EventDate "2013.09.07"]
[EventType "team-tourn"]
[EventRounds "9"]
[EventCountry "POL"]
[SourceTitle "EXT 2015"]
[Source "ChessBase"]
[SourceDate "2014.11.20"]
[SourceVersion "1"]
[SourceVersionDate "2014.11.20"]
[SourceQuality "1"]
[WhiteTeam "Ostrow Wielkopolski"]
[BlackTeam "Czestochowa Hetman"]
[WhiteTeamCountry "POL"]
[BlackTeamCountry "POL"]

1. e4 c5 2. Nf3 d6 3. d4 cxd4 4. Nxd4 Nf6 5. Nc3 Bd7 6. Be3 Ng4 7. Bg5 h6 8. Bh4 g5 9. Bg3 Bg7 10. Be2 Ne5 11. Qd2 Nbc6 12. Nb3 Rc8 13. Rd1 Na5 14. Nxa5 Qxa5 15. 0-0 Nc4 16. Bxc4 Rxc4 17. e5 0-0 18. exd6 e6 19. Ne2 Qb6 20. b3 Rcc8 21. h4 Qd8 22. hxg5 hxg5 23. c4 f5 24. f4 g4 25. Bf2 Kf7 26. Bd4 Qh4 27. Qe1 Qh6 28. Bxg7 Qxg7 29. Ng3 Rh8 30. Qe5 Qxe5 31. fxe5 Rc5 32. Rde1 Kg7 33. Rf4 b5 34. cxb5 Bxb5 35. a4 Bc6 36. Rc4 Rxc4 37. bxc4 Rb8 38. Rd1 Kf7 39. Nh5 Ke8 40. Nf6+ Kd8 41. Nh7 Rb2 42. Nf8 Rxg2+ 43. Kf1 Rh2 44. Nxe6+ Kc8 45. Rd3 Rh1+ 46. Kf2 Rh2+ 47. Kg1 Rh1+ 48. Kf2 Rh2+ 49. Kg1 1/2-1/2

[Event "POL-chT1"]
[Site "Szklarska Poreba"]
[Date "2013.09.08"]
[Round "2"]
[White "Magnucka, Milena"]
[Black "Przezdziecka, Ewa"]
[Result "0-1"]
[WhiteElo "1961"]
[BlackElo "2148"]
[PlyCount "92"]
[EventDate "2013.09.07"]
[EventType "team-tourn"]
[EventRounds "9"]
[EventCountry "POL"]
[SourceTitle "EXT 2015"]
[Source "ChessBase"]
[SourceDate "2014.11.20"]
[SourceVersion "1"]
[SourceVersionDate "2014.11.20"]
[SourceQuality "1"]
[WhiteTeam "Ostrow Wielkopolski"]
[BlackTeam "Warsaw Sharks"]
[WhiteTeamCountry "POL"]
[BlackTeamCountry "POL"]

1. e4 g6 2. d4 Bg7 3. Nc3 c6 4. Be3 d6 5. Qd2 b5 6. 0-0-0 Nd7 7. Kb1 Nb6 8. Bd3 Nc4 9. Bxc4 bxc4 10. f4 Nf6 11. Nf3 Rb8 12. Ka1 d5 13. e5 Ng4 14. h3 Nxe3 15. Qxe3 h5 16. Qf2 Bf8 17. Rhg1 e6 18. g4 Qb6 19. Rb1 Bb4 20. Na4 Qa5 21. Nc5 Rb5 22. Rbd1 Bxc5 23. dxc5 c3 24. Rb1 hxg4 25. hxg4 cxb2+ 26. Rxb2 Qc3 27. Rgb1 Rh1 28. Ng1 Ba6 29. Qg2 Rh8 30. Qf3 Qxc5 31. Rxb5 cxb5 32. Qd3 Kd7 33. f5 Qc4 34. Qe3 Qc7 35. fxg6 fxg6 36. Rf1 Kc8 37. Ne2 b4 38. Rf2 Bxe2 39. Rxe2 Qc3+ 40. Qxc3+ bxc3 41. a3 Rh4 42. Re3 Rxg4 43. Rxc3+ Kd7 44. Rh3 Rg5 45. Rh7+ Kc6 46. Rxa7 Rxe5 0-1

[Event "Poznan op 21st"]
[Site "Poznan"]
[Date "2013.08.14"]
[Round "9"]
[White "Magnucka, Milena"]
[Black "Glatty, Zbigniew"]
[Result "1/2-1/2"]
[WhiteElo "1970"]
[BlackElo "1930"]
[PlyCount "111"]
[EventDate "2013.08.07"]
[EventType "swiss"]
[EventRounds "9"]
[EventCountry "POL"]
[SourceTitle "CBM 155 Extra"]
[Source "ChessBase"]
[SourceDate "2013.08.26"]
[SourceVersion "1"]
[SourceVersionDate "2013.08.26"]
[SourceQuality "1"]

1. e4 e5 2. Nf3 Nc6 3. d4 exd4 4. Nxd4 Nf6 5. Nxc6 bxc6 6. e5 Qe7 7. Qe2 Nd5 8. c4 Ba6 9. Nd2 g6 10. Nf3 Bg7 11. Bg5 Qb4+ 12. Qd2 Qxd2+ 13. Kxd2 Nb6 14. b3 h6 15. Bh4 g5 16. Bg3 0-0-0 17. Kc2 Kb8 18. Rd1 Nc8 19. Bd3 Ne7 20. Rhe1 Rhe8 21. h3 Bb7 22. Be4 Bf8 23. Rd3 c5 24. Bxb7 Kxb7 25. Red1 Kc8 26. Bh2 Nc6 27. a3 Re6 28. R3d2 Bg7 29. Rd5 Bf8 30. Kc3 Be7 31. Kc2 f6 32. exf6 Rxf6 33. Re1 d6 34. Rd2 Rdf8 35. Rde2 Kd7 36. Bg3 R6f7 37. Kd3 Bf6 38. Re4 Bb2 39. a4 Bg7 40. h4 gxh4 41. Bxh4 Bf6 42. Bxf6 Rxf6 43. Rh1 Rg8 44. Rh2 Rb8 45. Kc2 Nb4+ 46. Kc3 Nc6 47. Kc2 Re8 48. Rxe8 Kxe8 49. Kd2 Nb4 50. Kc3 Kf7 51. Rh4 Nc6 52. Re4 Kf8 53. Kd3 Na5 54. Kc3 Nc6 55. Kd3 a5 56. Kc3 1/2-1/2

[Event "Poznan op 21st"]
[Site "Poznan"]
[Date "2013.08.07"]
[Round "1"]
[White "Magnucka, Milena"]
[Black "Bzdega, Bartlomiej"]
[Result "1/2-1/2"]
[WhiteElo "1970"]
[BlackElo "1421"]
[PlyCount "56"]
[EventDate "2013.08.07"]
[EventType "swiss"]
[EventRounds "9"]
[EventCountry "POL"]
[SourceTitle "CBM 155 Extra"]
[Source "ChessBase"]
[SourceDate "2013.08.26"]
[SourceVersion "1"]
[SourceVersionDate "2013.08.26"]
[SourceQuality "1"]

1. e4 Nf6 2. d3 d5 3. Nd2 Nc6 4. g3 dxe4 5. dxe4 e5 6. Bg2 Bc5 7. Ngf3 Bg4 8. 0-0 Qd7 9. c3 0-0-0 10. Qa4 Bh3 11. b4 Bxg2 12. Kxg2 Bb6 13. b5 Ne7 14. Nxe5 Qe6 15. Ndf3 Ng6 16. Qb3 Qxb3 17. axb3 Nxe5 18. Nxe5 Rhe8 19. Nc4 Rd3 20. Nxb6+ axb6 21. Ra8+ Kd7 22. Rxe8 Kxe8 23. c4 Rxb3 24. Bf4 Kd7 25. Rd1+ Kc8 26. Be5 Ne8 27. h4 f6 28. Bf4 Rc3 1/2-1/2

[Event "POL-chT1"]
[Site "Mrzezyno"]
[Date "2011.09.09"]
[Round "7"]
[White "Magnucka, Milena"]
[Black "Cagara, Paulina"]
[Result "0-1"]
[WhiteElo "2040"]
[BlackElo "2045"]
[PlyCount "90"]
[EventDate "2011.09.03"]
[EventType "team-tourn"]
[EventRounds "9"]
[EventCountry "POL"]
[SourceTitle "CBM 144 Extra"]
[Source "ChessBase"]
[SourceDate "2011.10.28"]
[SourceVersion "1"]
[SourceVersionDate "2011.10.28"]
[SourceQuality "1"]
[WhiteTeam "Ostrow Wielkopolski"]
[BlackTeam "Wroclaw WSB"]
[WhiteTeamCountry "POL"]
[BlackTeamCountry "POL"]

1. e4 c6 2. d4 d5 3. Nc3 dxe4 4. Nxe4 Bf5 5. Ng3 Bg6 6. h4 h6 7. Nf3 Nd7 8. h5 Bh7 9. Bd3 Bxd3 10. Qxd3 e6 11. Bf4 Qa5+ 12. Bd2 Qc7 13. 0-0-0 0-0-0 14. Qe2 Ngf6 15. Kb1 c5 16. Ne5 Nb6 17. dxc5 Bxc5 18. Nd3 Bd6 19. Ne4 Nxe4 20. Qxe4 Kb8 21. Bc3 Rhg8 22. Be5 Bxe5 23. Qxe5 Rd5 24. Qxc7+ Kxc7 25. f4 f6 26. Rde1 Re8 27. Re4 Nd7 28. Kc1 a5 29. Rh3 Nc5 30. Rc4 b6 31. Nxc5 Rxc5 32. Rxc5+ bxc5 33. Kd2 Kc6 34. Rd3 Re7 35. Kc3 e5 36. Re3 e4 37. f5 Kd5 38. g4 Ke5 39. Kc4 Kf4 40. Re1 Re5 41. a4 Kf3 42. c3 e3 43. b4 cxb4 44. cxb4 axb4 45. Kxb4 Kf2 0-1

[Event "POL-chT1"]
[Site "Mrzezyno"]
[Date "2011.09.08"]
[Round "6"]
[White "Wisniowska, Klaudia"]
[Black "Magnucka, Milena"]
[Result "1-0"]
[WhiteElo "2074"]
[BlackElo "2040"]
[PlyCount "111"]
[EventDate "2011.09.03"]
[EventType "team-tourn"]
[EventRounds "9"]
[EventCountry "POL"]
[SourceTitle "CBM 144 Extra"]
[Source "ChessBase"]
[SourceDate "2011.10.28"]
[SourceVersion "1"]
[SourceVersionDate "2011.10.28"]
[SourceQuality "1"]
[WhiteTeam "Gorzow Wielkopolski Stilon"]
[BlackTeam "Ostrow Wielkopolski"]
[WhiteTeamCountry "POL"]
[BlackTeamCountry "POL"]

1. e4 d6 2. d4 Nf6 3. Nc3 e5 4. Nf3 Nbd7 5. Bc4 Be7 6. 0-0 0-0 7. Re1 c6 8. a4 b6 9. d5 cxd5 10. Nxd5 Bb7 11. b3 Rc8 12. Re2 Nc5 13. Nxf6+ Bxf6 14. Bd5 Qd7 15. Ba3 Rfd8 16. Qd2 Bxd5 17. Qxd5 Ne6 18. Qb5 Nf4 19. Rd2 Qg4 20. Ne1 d5 21. f3 Qe6 22. Rad1 d4 23. g3 Ng6 24. Nd3 h5 25. h4 Qh3 26. Rg2 Rc3 27. Bb4 Rcc8 28. a5 bxa5 29. Qxa5 Rd7 30. Bc5 Rdc7 31. b4 Qe6 32. Ra1 Bd8 33. Qa6 Qd7 34. Qa4 Qe6 35. Qb5 Ne7 36. Rxa7 Rxa7 37. Bxa7 Nc6 38. Bc5 Ra8 39. Kh2 Kh7 40. Qb7 Rb8 41. Qa6 Qe8 42. Rg1 f6 43. Rb1 Ne7 44. b5 Nc8 45. Rb3 Bb6 46. Ba3 Qd7 47. Nb4 Na7 48. Nd5 Nc8 49. Qa4 Qb7 50. Qc4 Qa7 51. Qc6 Qa5 52. Bb4 Qa1 53. Qe8 Kh6 54. Bd2+ g5 55. Qh8+ Kg6 56. Qxf6+ 1-0

[Event "Poznan op 21th"]
[Site "Poznan"]
[Date "2011.08.10"]
[Round "5"]
[White "Szymanski, Leszek"]
[Black "Magnucka, Milena"]
[Result "1/2-1/2"]
[WhiteElo "1840"]
[BlackElo "2074"]
[PlyCount "116"]
[EventDate "2011.08.06"]
[EventType "swiss"]
[EventRounds "9"]
[EventCountry "POL"]
[SourceTitle "CBM 143 Extra"]
[Source "ChessBase"]
[SourceDate "2011.08.29"]
[SourceVersion "1"]
[SourceVersionDate "2011.08.29"]
[SourceQuality "1"]

1. c4 d6 2. Nc3 g6 3. g3 Bg7 4. Bg2 Nf6 5. e4 0-0 6. Nge2 c5 7. 0-0 Nc6 8. d3 a6 9. h3 Rb8 10. f4 Bd7 11. a4 Ne8 12. Be3 Nd4 13. Rb1 b5 14. axb5 axb5 15. b3 b4 16. Na2 Qa5 17. Bxd4 cxd4 18. Qd2 Nc7 19. Ra1 Na6 20. Rfd1 Nc5 21. Qb2 Bc6 22. Nac1 Qb6 23. Rd2 Ra8 24. Qb1 Qb7 25. g4 Rxa1 26. Qxa1 f5 27. gxf5 gxf5 28. Ng3 fxe4 29. dxe4 Nxe4 30. Nxe4 Bxe4 31. Nd3 e5 32. fxe5 Bxe5 33. Qe1 Bxg2 34. Rxg2+ Bg7 35. Qe6+ Qf7 36. Nf4 Kh8 37. Qxf7 Rxf7 38. Nd3 Rf3 39. Nxb4 Rxb3 40. Nc6 Rxh3 41. Re2 h5 42. Re6 Rc3 43. Na5 Be5 44. Rh6+ Kg7 45. Rxh5 Re3 46. Rg5+ Kf6 47. Rg2 Rg3 48. Rxg3 Bxg3 49. Kg2 Be1 50. Nb3 Bc3 51. Nc1 Ke6 52. Kf3 Kd7 53. Ke4 Kc6 54. Nd3 Ba1 55. Kf3 Kb6 56. Ke4 Kc6 57. Kf3 Kd7 58. Kf4 Ke6 1/2-1/2

[Event "Poznan op 21th"]
[Site "Poznan"]
[Date "2011.08.08"]
[Round "3"]
[White "Niekras, Dawid"]
[Black "Magnucka, Milena"]
[Result "1-0"]
[WhiteElo "1797"]
[BlackElo "2074"]
[PlyCount "53"]
[EventDate "2011.08.06"]
[EventType "swiss"]
[EventRounds "9"]
[EventCountry "POL"]
[SourceTitle "CBM 143 Extra"]
[Source "ChessBase"]
[SourceDate "2011.08.29"]
[SourceVersion "1"]
[SourceVersionDate "2011.08.29"]
[SourceQuality "1"]

1. e4 c5 2. Nf3 d6 3. d4 cxd4 4. Nxd4 Nf6 5. Nc3 a6 6. Bg5 e6 7. f4 Be7 8. Qf3 Nbd7 9. 0-0-0 Qc7 10. g4 b5 11. Bxf6 Nxf6 12. g5 Nd7 13. f5 Nc5 14. f6 Bf8 15. Bxb5+ Bd7 16. Bxd7+ Qxd7 17. e5 d5 18. Nb3 Rc8 19. Nxc5 Rxc5 20. Qd3 Qc8 21. h4 g6 22. h5 Rg8 23. hxg6 Rxg6 24. Qe3 Rc4 25. Rxh7 Rg8 26. Nxd5 exd5 27. e6 1-0